| 000 | 00382 a2200133 4500 | ||
|---|---|---|---|
| 001 | ART_27824 | ||
| 005 | 20260410161949.0 | ||
| 008 | 260409a | ||
| 245 | 1 | 0 | _aLa necesidad de investigar en contabilidad |
| 100 | 1 | _aMileti, Mabel | |
| 700 | 1 | _aAbatte, Electra | |
| 700 | 1 | _aVazquéz, Claudia M. | |
| 773 | 0 |
_tInvenio _g- Año 3, Nº 4/5 (dic. 2000) _wREV27781 |
|
| 999 |
_c30257 _d30257 |
||